| 000 | 00791 a2200217 4500 | ||
|---|---|---|---|
| 020 |
_a8177583255 _c570.00 |
||
| 035 | _aB-211658 | ||
| 037 | _bRP-ZLS-2792 / PANSY-07-08:10 / RP-07-08:ENG | ||
| 082 | 1 | 4 | _a515 |
| 090 |
_c5334 _d5334 |
||
| 100 | 1 | _aThomas, Georage B. | |
| 245 | 1 |
_aCalculus and analytic geometry _cby George B. Thomas , Ross L. Finney and Maurice D. Weir |
|
| 250 | _a9th ed | ||
| 260 |
_aNew Delhi _bPearson Education _c2007 |
||
| 270 |
_a14 Local Shopping Centre,Panchsheel Park _bNew Delhi _cDelhi _e110017 |
||
| 300 |
_aVarious pagings _c28 cm (pbk) |
||
| 700 | _aFinney, Ross L. | ||
| 700 | _aWeir, Maurice D. (with the collaboration of ) | ||
| 942 |
_adpl _cEN _k515 / THO |
||
| 999 |
_c5230 _d5230 |
||